[Event "Titled Tue 24th Jun Late"]
[Site "chess.com INT"]
[Date "2025.06.24"]
[Round "2"]
[White "Storme, Isak"]
[Black "Fuhrmann, Bahne"]
[Result "0-1"]
[WhiteTitle "IM"]
[BlackTitle "FM"]
[WhiteElo "2466"]
[BlackElo "2256"]
[WhiteFideId "1728113"]
[BlackFideId "16244842"]
[EventDate "2025.06.24"]

1. e4 e5 2. Nf3 Nc6 3. d4 exd4 4. Nxd4 Nf6 5. Nxc6 bxc6 6. Bd3 d5 7. Qe2 dxe4 8.
Bxe4 Nxe4 9. Qxe4+ Qe7 10. Nc3 Bf5 11. Qxe7+ Bxe7 12. Bf4 O-O-O 13. Rc1 Bb4 14.
O-O Rhe8 15. Be3 Kb7 16. Na4 Re5 17. c3 Be7 18. Rfd1 Rxd1+ 19. Rxd1 Bc2 20. Rd4
Rd5 21. b3 Bb1 22. b4 Bxa2 23. Kf1 Bb3 24. Rxd5 Bxd5 25. Nc5+ Kc8 26. f3 Bc4+
27. Kf2 Bf6 28. Bd2 Kd8 29. Ke3 Ke7 30. Ne4 Be5 31. f4 Bd6 32. Kd4 Bd5 33. Nxd6
cxd6 34. c4 Bxg2 35. b5 cxb5 36. cxb5 Bf1 37. Kd5 Bxb5 38. Bb4 Kf6 39. Bxd6 Kf5
40. Kd4 Kg4 41. Ke3 f6 42. Kf2 Bc6 43. Bc7 a6 44. Kg1 Kh3 45. Kf2 g6 46. Kg1 h5
47. Bd8 f5 48. Bc7 Kg4 49. Kf2 Kh3 50. Kg1 Be4 51. Bd6 h4 52. Bc7 Kg4 53. Kf2
Kh3 54. Kg1 Bd5 55. Ba5 Kg4 56. Bc7 Kf3 57. Kf1 Bc4+ 58. Ke1 Kg2 59. Bd6 Kxh2
60. Kf2 Kh3 61. Bc7 Bd5 62. Kg1 Kg3 63. Bb6 h3 64. Bf2+ Kf3 65. Kh2 Kxf2 66.
Kxh3 a5 67. Kh4 a4 68. Kg5 a3 69. Kf6 a2 70. Ke5 a1=Q+ 71. Kxd5 Qf6 72. Kc4 Kf3
73. Kd3 Kxf4 74. Kd2 Qe5 0-1

[Event "Titled Tue 24th Jun Late"]
[Site "chess.com INT"]
[Date "2025.06.24"]
[Round "2"]
[White "Klukin, Kirill"]
[Black "Rodgers, Jack"]
[Result "1/2-1/2"]
[WhiteTitle "IM"]
[BlackTitle "FM"]
[WhiteElo "2401"]
[BlackElo "2183"]
[WhiteFideId "24199273"]
[BlackFideId "3220885"]
[EventDate "2025.06.24"]

1. e4 c5 2. d4 cxd4 3. Qxd4 Nc6 4. Qd3 g6 5. Nf3 Bg7 6. Nc3 Nf6 7. Be2 O-O 8.
O-O d6 9. Nd5 Nxd5 10. exd5 Ne5 11. Nxe5 Bxe5 12. c3 Bf5 13. Qb5 Qc7 14. Be3 a6
15. Qb3 b5 16. a4 bxa4 17. Rxa4 Rfb8 18. Qa3 Bc2 19. Ra5 Rb3 20. Qa1 Qb7 21. Rc1
Rxb2 22. Bxa6 Qb8 23. Bf1 Rxa5 24. Qxa5 h5 25. h3 Bf5 26. c4 Rb1 27. Qd2 Rxc1
28. Qxc1 Qb2 29. Qxb2 Bxb2 30. Be2 Ba3 31. g4 hxg4 32. hxg4 Be4 33. f3 Bc2 34.
Kf2 Bc5 35. g5 f6 36. gxf6 exf6 37. Bxc5 dxc5 38. Ke3 Kf7 39. f4 Bf5 40. Bd3
Bxd3 41. Kxd3 Ke7 42. Kd2 Kf7 43. Kc2 Ke7 44. Kb3 Kd6 45. Kc3 Ke7 46. Kd3 Kd6
47. Ke4 Ke7 48. Kf3 Kf7 49. Kg3 Ke7 50. Kh4 Kf7 51. Kg4 Ke7 52. Kh4 Kf7 53. Kh3
Ke7 54. Kh2 Kf7 55. Kh1 Ke7 56. Kg1 Kf7 57. Kf2 Ke7 58. Ke3 Kf7 59. Kf3 Ke7 60.
Ke4 Kd6 61. f5 g5 62. Ke3 Ke5 63. Kf3 Kxf5 64. Kg3 Ke5 65. Kg4 Kd6 66. Kf5 Kd7
67. Kg4 Ke7 68. Kf5 Kf7 69. Kg4 Kg6 70. Kg3 f5 71. Kf3 Kf6 72. Ke3 Ke5 73. Kf3
Kf6 74. Ke3 f4+ 75. Ke4 Kf7 76. Kf3 Ke7 77. Kg4 Kf6 78. Kf3 Kf5 79. Kf2 g4 80.
Ke2 Ke5 81. Kf2 Kf5 82. Ke2 f3+ 83. Kf2 Ke5 84. Kg3 Kf5 85. Kf2 Ke5 86. Kg3 Kd6
87. Kf2 Ke5 1/2-1/2

[Event "Titled Tue 24th Jun Late"]
[Site "chess.com INT"]
[Date "2025.06.24"]
[Round "2"]
[White "Kelley, Deshawn"]
[Black "Demchenko, Yaroslav"]
[Result "0-1"]
[BlackTitle "CM"]
[WhiteElo "2014"]
[BlackElo "2263"]
[WhiteFideId "30911940"]
[BlackFideId "14186667"]
[EventDate "2025.06.24"]

1. e4 e6 2. d4 d5 3. Nc3 dxe4 4. Nxe4 Nd7 5. Nf3 Ngf6 6. Bd3 Nxe4 7. Bxe4 Nf6 8.
Bd3 Be7 9. Be3 O-O 10. Qe2 a5 11. O-O-O a4 12. g4 a3 13. b3 Qd6 14. g5 Nd5 15.
Qd2 Qc6 16. c4 Bb4 17. Qc2 Nxe3 18. fxe3 Qxf3 19. Bxh7+ Kh8 20. Kb1 Qxe3 21. Rd3
Qxg5 22. Rh3 g6 23. Bxg6+ Kg7 24. Rh7+ Kg8 25. Bd3 Ra5 26. Qf2 Rf5 27. Bxf5
Qxf5+ 28. Qxf5 exf5 29. Rh3 Kg7 30. Rg1+ Kf6 31. Rh6+ Ke7 32. Kc2 f4 33. Rh5 Bd6
34. Kd3 f3 35. c5 Bf4 36. Ke4 f2 37. Rf1 Bg4 38. Rh4 Bd2 39. Rxg4 f5+ 40. Kd3
fxg4 41. Kxd2 Rf3 42. Ke2 Rc3 43. Rxf2 Rc2+ 44. Ke3 Rc1 45. Kd3 Ke6 46. Rc2 Ra1
47. b4 Kd5 48. Kc3 Rb1 49. Re2 Rc1+ 50. Kb3 Kxd4 51. Kxa3 b6 52. cxb6 cxb6 53.
Kb3 Rb1+ 54. Ka4 Kd5 55. Kb5 Rb2 56. a4 Rxe2 57. Kxb6 Rxh2 58. a5 Ra2 59. a6 g3
60. a7 g2 61. Kb7 g1=Q 62. a8=Q Rxa8 63. Kxa8 Qb6 64. b5 Qxb5 65. Ka7 Kc6 66.
Ka8 Kc7 67. Ka7 Qa4# 0-1

[Event "Titled Tue 24th Jun Late"]
[Site "chess.com INT"]
[Date "2025.06.24"]
[Round "2"]
[White "Jammalamadaka, Vihaan"]
[Black "Kozionov, Kirill"]
[Result "0-1"]
[WhiteTitle "CM"]
[BlackTitle "IM"]
[WhiteElo "2018"]
[BlackElo "2442"]
[WhiteFideId "30977134"]
[BlackFideId "24101729"]
[EventDate "2025.06.24"]

1. c4 Nf6 2. Nc3 c5 3. Nf3 g6 4. e3 Bg7 5. d4 cxd4 6. exd4 d6 7. Be2 O-O 8. O-O
a6 9. h3 Nbd7 10. Re1 b6 11. Ng5 Bb7 12. Bf3 Bxf3 13. Qxf3 Rc8 14. b3 h6 15.
Nge4 Nxe4 16. Qxe4 Re8 17. Bb2 Nf6 18. Qf3 Qd7 19. Rad1 b5 20. cxb5 axb5 21. Ne4
Nxe4 22. Qxe4 Qa7 23. Qb1 e6 24. Rd3 b4 25. Rf3 Bxd4 26. Bc1 Bg7 27. Be3 Qa6 28.
h4 h5 29. Rg3 Rc3 30. Rd1 d5 31. Bf4 Rec8 32. Kh2 Qe2 33. Rd2 Qb5 34. Be3 Rc1
35. Qd3 Qxd3 36. Rxd3 R1c2 37. Bd4 Rxa2 38. Bxg7 Kxg7 39. Rd4 Rb8 40. Rf3 Rc2
41. Rdf4 Rb7 42. Re3 Rc3 43. Rff3 Rbc7 44. Rf4 Rb7 45. Re1 Rxb3 46. Ra1 Rc3 47.
Rb1 b3 48. Ra4 b2 49. Ra2 Rcb3 50. g3 d4 51. Kg2 e5 52. Ra5 Kf6 53. Ra6+ R7b6
54. Ra8 d3 55. Rd8 Rc3 56. Ra8 Rc1 57. Rxb2 Rxb2 58. Ra6+ Kg7 59. Kf3 Rcc2 60.
Ke4 Rxf2 61. Kxd3 Rb3+ 62. Ke4 Rxg3 63. Kxe5 Rg4 64. Ra1 Rf5+ 0-1

[Event "Titled Tue 24th Jun Late"]
[Site "chess.com INT"]
[Date "2025.06.24"]
[Round "2"]
[White "Dyachuk, Artem"]
[Black "Venskaya, Nika"]
[Result "1/2-1/2"]
[WhiteTitle "FM"]
[BlackTitle "WCM"]
[WhiteElo "2374"]
[BlackElo "1926"]
[WhiteFideId "34107924"]
[BlackFideId "13523503"]
[EventDate "2025.06.24"]

1. e4 c5 2. Nf3 d6 3. d4 cxd4 4. Nxd4 Nf6 5. Nc3 g6 6. Be3 Bg7 7. f3 O-O 8. Qd2
Nc6 9. Bc4 Nxd4 10. Bxd4 Be6 11. Bb3 Qa5 12. O-O-O Rfc8 13. Kb1 b5 14. Bxf6 Bxf6
15. Nd5 Qxd2 16. Nxf6+ Kg7 17. Nh5+ Kh6 18. Rxd2 Kxh5 19. h4 a5 20. g4+ Kh6 21.
Bd5 Rab8 22. h5 Kg5 23. c3 Rc5 24. hxg6 hxg6 25. Bxe6 fxe6 26. Rh7 Kf6 27. f4 e5
28. f5 Rg8 29. Rf2 b4 30. fxg6+ Kxg6 31. Rxe7 bxc3 32. Rf5 cxb2 33. Re6+ Kg7 34.
Re7+ Kg6 35. Re6+ Kg7 36. Rxd6 Rb8 37. Rf1 a4 38. Ra6 Rc4 39. Re1 Rbb4 40. Rd1
Rd4 41. Rf1 Rxe4 42. a3 Rb3 43. Rd1 Rd4 44. Re1 e4 45. Rh1 e3 46. Re6 Rd2 47.
Re1 e2 48. R6xe2 Rxe2 49. Rxe2 Rxa3 50. Rxb2 Rg3 51. Rb4 a3 52. Ka2 Kg6 53. Ra4
Kg5 54. Ra8 Rxg4 55. Rg8+ Kh4 56. Rb8 Rg3 57. Rb7 Kh3 58. Rb4 Kg2 59. Rf4 Kh2
60. Rh4+ Kg2 61. Rc4 Kg1 62. Rc1+ Kg2 63. Rc4 Kh3 64. Rb4 Rf3 65. Rb3 Kg3 66.
Rb4 Kf2 67. Rb3 Re3 68. Rb4 Ke2 69. Rb3 Rd3 70. Rb4 Kd2 71. Rb8 Kc2 72. Rc8+ Rc3
73. Rb8 Kc1 74. Rb7 Kd2 75. Rb3 Kc2 76. Rxc3+ Kxc3 77. Kxa3 1/2-1/2

[Event "Titled Tue 24th Jun Late"]
[Site "chess.com INT"]
[Date "2025.06.24"]
[Round "2"]
[White "Achuthan, Aryan"]
[Black "Moroni, Luca Jr"]
[Result "0-1"]
[BlackTitle "GM"]
[WhiteElo "2087"]
[BlackElo "2549"]
[WhiteFideId "30982294"]
[BlackFideId "865834"]
[EventDate "2025.06.24"]

1. d4 g6 2. e4 Bg7 3. c4 d6 4. Nc3 c5 5. Nge2 Nc6 6. Be3 Qb6 7. Nd5 Qa5+ 8. Qd2
Qxd2+ 9. Bxd2 Rb8 10. dxc5 dxc5 11. Bc3 Bxc3+ 12. Nexc3 e6 13. Ne3 Nd4 14. O-O-O
Ne7 15. Nb5 Nec6 16. f4 Ke7 17. e5 Rd8 18. Nc2 b6 19. Ncxd4 cxd4 20. Nd6 f6 21.
Nxc8+ Rbxc8 22. exf6+ Kxf6 23. Bd3 Nb4 24. Kd2 a5 25. a3 Na6 26. Rhe1 Nc5 27.
Re5 Rd6 28. Rde1 Nd7 29. R5e4 h6 30. g3 g5 31. fxg5+ hxg5 32. Rf1+ Kg7 33. Rg4
Rc5 34. h4 a4 35. Rxg5+ Rxg5 36. hxg5 Nc5 37. Rh1 e5 38. Rh7+ Kf8 39. Bf5 e4 40.
Rh8+ Kg7 41. Rh7+ Kg8 42. Re7 Kf8 43. Rxe4 Nxe4+ 44. Bxe4 Ke7 45. Bc2 Ke6 46.
Bxa4 Ke5 47. Bc2 Rd8 48. g6 Rh8 49. g7 Rg8 50. g4 Rxg7 51. Bf5 Rg8 52. b4 Ra8
53. c5 bxc5 54. bxc5 Rxa3 55. c6 Rc3 56. Bd7 Kf4 57. Ke2 Kg5 58. Kd2 Kf6 59. Ke2
Ke5 60. Kd2 Kd5 61. g5 Kd6 62. g6 Rg3 63. Be8 Kc7 64. Ke2 Kd8 65. Bf7 d3+ 66.
Kd2 Ke7 67. Kc3 Kd6 68. Be8 Re3 69. Bf7 Rg3 70. Kd2 Kxc6 71. Bc4 Rxg6 72. Bxd3
Re6 73. Kc3 Kc5 74. Bc2 Re3+ 75. Kb2 Kb4 76. Bb1 Re2+ 77. Ka1 Kb3 78. Bd3 Ra2+
79. Kb1 Rd2 80. Be2 Rxe2 0-1

[Event "Titled Tue 24th Jun Late"]
[Site "chess.com INT"]
[Date "2025.06.24"]
[Round "2"]
[White "Ambartsumova, Karina"]
[Black "Mitrabha, Guha"]
[Result "0-1"]
[WhiteTitle "IM"]
[BlackTitle "GM"]
[WhiteElo "2403"]
[BlackElo "2515"]
[WhiteFideId "4166299"]
[BlackFideId "5057000"]
[EventDate "2025.06.24"]

1. d4 c5 2. d5 g6 3. Nf3 Bg7 4. Nc3 d6 5. e4 Bg4 6. h3 Bxf3 7. Qxf3 Nf6 8. Be2
O-O 9. O-O Na6 10. a3 Nc7 11. Bf4 Nd7 12. Qg3 Rb8 13. a4 a6 14. a5 b5 15. axb6
Rxb6 16. Ra2 Qb8 17. b3 Rb4 18. Re1 Re8 19. Bf1 Bxc3 20. Qxc3 Nxd5 21. exd5 Rxf4
22. Rxa6 Nf6 23. Bc4 Rd4 24. Qf3 Kg7 25. Rd1 Rxd1+ 26. Qxd1 Qb7 27. Qa1 Qd7 28.
Bd3 Kg8 29. Ra7 Qc8 30. Bb5 Rd8 31. Rxe7 Nxd5 32. Ra7 Nc7 33. Bd3 Qb8 34. Qa5
Ne6 35. Be4 d5 36. Bf3 Qd6 37. g3 Nd4 38. Kg2 Nxc2 39. Rc7 Re8 40. Qxc5 Qxc5 41.
Rxc5 Ne1+ 42. Kf1 Nxf3 43. Rxd5 Ne5 44. b4 Nc4 45. b5 Rc8 46. Kg2 Kf8 47. h4 h5
48. Kh3 Ke7 49. f3 Ke6 50. Rd3 Rb8 51. Rb3 Nd6 52. b6 Nc4 53. b7 Nd6 54. g4 Rxb7
55. Re3+ Kf6 56. Rd3 Rb6 57. Rd5 hxg4+ 58. fxg4 Ne4 59. g5+ Ke6 60. Ra5 Rb4 61.
Ra6+ Ke5 62. Ra7 Rb3+ 63. Kh2 Nd6 64. Ra5+ Kf4 65. Ra4+ Ne4 66. Ra7 Rb2+ 67. Kg1
Kg3 68. Kf1 Rf2+ 69. Ke1 Rf4 70. h5 gxh5 71. Ra3+ Kg4 72. Ra5 Nxg5 73. Re5 h4 0-1

[Event "Titled Tue 24th Jun Late"]
[Site "chess.com INT"]
[Date "2025.06.24"]
[Round "2"]
[White "Omariev, Maksim"]
[Black "Pereyra, Horacio"]
[Result "1/2-1/2"]
[WhiteTitle "FM"]
[WhiteElo "2304"]
[BlackElo "2133"]
[WhiteFideId "4193423"]
[BlackFideId "113700"]
[EventDate "2025.06.24"]

1. g4 e5 2. Bg2 Nc6 3. c4 d6 4. h3 g6 5. d3 Bg7 6. Nc3 Nge7 7. Nf3 h6 8. e4 Be6
9. Be3 Qd7 10. Qd2 O-O-O 11. Nd5 g5 12. O-O-O Ng6 13. Kb1 Nf4 14. Bf1 f6 15.
Bxf4 gxf4 16. Nh4 h5 17. f3 hxg4 18. hxg4 Nd4 19. Be2 c6 20. Nc3 Rh7 21. Nf5
Bxf5 22. gxf5 Rdh8 23. Qc1 Bf8 24. Rdg1 Kb8 25. Qf1 Bh6 26. Rh3 Bg5 27. Rgh1 Qg7
28. Qg2 a6 29. Bf1 b5 30. cxb5 axb5 31. Ne2 c5 32. Nxd4 exd4 33. Be2 Kc7 34. Bd1
Kb6 35. Bb3 Rxh3 36. Rxh3 Rxh3 37. Qxh3 Bh6 38. a3 Bg5 39. Qh5 Qc7 40. Bd5 c4
41. dxc4 bxc4 42. Qe8 d3 43. Qa4 Qc5 44. Qxc4 Qg1+ 45. Qc1 Qd4 46. Qd2 Bh4 47.
Qb4+ Qxb4 48. axb4 Be1 49. b3 Bxb4 50. Bc4 d2 51. Kc2 Kc5 52. Kd1 Kd4 53. Ke2
Kc3 54. Kd1 Kb2 55. Bd5 Kc3 56. Bc4 Kd4 57. Ke2 Ke5 58. Kd1 Ba5 59. Bd5 Kd4 60.
Ke2 Kc5 61. Kd1 Kb6 62. Ke2 Kc7 63. Kd1 Kd8 64. Ke2 Ke7 65. Kd1 Kf8 66. Ke2 Kg7
67. Kd1 Kh6 68. Ke2 Kg5 69. Bf7 Kh4 70. Bg6 Kg3 71. Bh5 Kg2 72. Bg4 Kg1 73. Bh5
Kh2 74. Bg4 Kg3 75. Bh5 Kh4 76. Bg4 Kg5 77. Kd1 Kh6 78. Ke2 Kg7 79. Kd1 Kf7 80.
Bh5+ Ke7 81. Ke2 Kd7 82. Bf7 Kc6 83. Bd5+ Kc5 84. Kd1 Kd4 85. Ke2 Kc3 86. Kd1
Bb6 87. Be6 Be3 88. Bc4 Bc5 89. Bd5 Bb4 90. Bc4 1/2-1/2

[Event "Titled Tue 24th Jun Late"]
[Site "chess.com INT"]
[Date "2025.06.24"]
[Round "2"]
[White "Rogov, Matfey"]
[Black "Vemparala, Nikash"]
[Result "1-0"]
[WhiteTitle "FM"]
[BlackTitle "CM"]
[WhiteElo "2348"]
[BlackElo "2187"]
[WhiteFideId "44191308"]
[BlackFideId "30960967"]
[EventDate "2025.06.24"]

1. e4 e5 2. Nf3 Nc6 3. Nc3 Nf6 4. d4 exd4 5. Nd5 Be7 6. Nxd4 d6 7. Bb5 Bd7 8.
O-O O-O 9. Bxc6 bxc6 10. Nxe7+ Qxe7 11. Bg5 c5 12. Ne2 h6 13. Bxf6 Qxf6 14. c3
Bc6 15. Ng3 Rfe8 16. Qd3 Rab8 17. b3 Qe6 18. Rae1 c4 19. bxc4 Rb2 20. f4 f5 21.
Qd4 fxe4 22. Re3 Qf6 23. Qxa7 Qf7 24. Qd4 Rxa2 25. f5 Ra4 26. f6 Rxc4 27. Qd2 g6
28. Qf2 Rc5 29. Qf4 Kh7 30. h4 Rce5 31. h5 gxh5 32. Nf5 Qxf6 33. Rg3 Rg8 34.
Rxg8 Rxf5 35. Qxf5+ Qxf5 36. Rxf5 Kxg8 37. Rxh5 Kg7 38. Kf2 Kg6 39. Ra5 Kf6 40.
Ke3 Kg6 41. g3 h5 42. Ra7 Kg5 43. Rxc7 Bd5 44. Ra7 Kg4 45. Rg7+ Kf5 46. Rh7 Kg4
47. Rg7+ Kf5 48. Kd4 Bc6 49. Rc7 Be8 50. Rc8 Bg6 51. Rf8+ Kg4 52. Rg8 Kg5 53. c4
Kf5 54. Rf8+ Kg4 55. Rg8 Kf5 56. Ke3 Bf7 57. Rf8 Ke6 58. Kxe4 Ke7 59. Rc8 Be6
60. Rc7+ Kf6 61. Kd4 Kg5 62. Rg7+ Kf6 63. Rh7 Bf7 64. Rh6+ Ke7 65. Rh7 Kf6 66.
Rh8 Ke7 67. Rb8 Kf6 68. Rb2 Ke7 69. Rf2 Be8 70. Kd5 Bf7+ 71. Rxf7+ Kxf7 72. Kxd6
Kf6 73. c5 Kg5 74. c6 Kg4 75. c7 Kxg3 76. c8=Q h4 77. Qg8+ Kf3 78. Qb3+ Kg2 79.
Qd5+ Kg3 80. Ke5 h3 81. Qd3+ Kg2 82. Kf4 h2 83. Qf3+ Kg1 84. Ke3 h1=Q 85. Qf2# 1-0

[Event "Titled Tue 24th Jun Late"]
[Site "chess.com INT"]
[Date "2025.06.24"]
[Round "2"]
[White "Chen, Yidong"]
[Black "Sivakumar, Shaaketh"]
[Result "1/2-1/2"]
[BlackTitle "FM"]
[WhiteElo "2074"]
[BlackElo "2279"]
[WhiteFideId "8607028"]
[BlackFideId "30940176"]
[EventDate "2025.06.24"]

1. e4 e6 2. d4 d5 3. Nd2 c5 4. Ngf3 Nc6 5. exd5 exd5 6. Bb5 Qe7+ 7. Be2 Qc7 8.
O-O Nf6 9. Re1 cxd4 10. Nb3 Bd6 11. Nbxd4 O-O 12. h3 a6 13. c3 Ne4 14. Bd3 Nxd4
15. cxd4 Bf5 16. Be3 Rae8 17. Qb3 Qd7 18. Bf1 Be6 19. Ng5 Nxg5 20. Bxg5 b5 21.
Rac1 Bb8 22. Bh4 Bf5 23. Bg3 Be4 24. Bxb8 Rxb8 25. Rc5 Rfd8 26. Rec1 Bg6 27. Qc3
h6 28. Rc7 Qf5 29. Qb4 Qe4 30. Ra7 Rb6 31. Rcc7 Rf6 32. Qe7 Rfd6 33. b3 Qxd4 34.
Qe3 Qxe3 35. fxe3 Re8 36. Re7 Rxe7 37. Rxe7 d4 38. exd4 Rxd4 39. Ra7 Rd1 40. Kf2
Rd2+ 41. Kg3 Rxa2 42. Bxb5 Rb2 43. Bc4 Ra2 44. Rxa6 Bb1 45. Rxa2 Bxa2 46. Kf4
g5+ 47. Ke5 Kg7 48. Bd5 f6+ 49. Kd6 f5 50. g3 f4 51. gxf4 gxf4 52. Ke5 f3 53.
Bxf3 Bxb3 54. Kf4 Be6 55. Bg4 Bf7 56. Bf3 Kf6 57. Kg3 Be6 58. h4 Ke5 59. Bg4 Bf7
60. Bf3 Kf5 61. Bg4+ Ke4 62. Bf3+ Ke3 63. Bg4 Bg6 64. Bf3 Bf5 65. Bh5 Ke4 66.
Bg4 Bg6 67. Bf3+ Ke3 68. Bg4 Be4 69. Bh5 Bf5 70. Bg4 Bd3 71. Be6 Be2 72. Bg4 Bc4
73. Bf5 Kd4 74. Kg4 Be2+ 75. Kf4 Bh5 76. Bg4 Bf7 77. Bf5 Kc3 78. Ke5 Kd2 79. Kf6
Be8 80. Kg7 h5 81. Bg6 Bc6 82. Bxh5 Be4 83. Kf6 Ke3 84. Kg5 Kd4 85. Bg4 Ke5 86.
h5 Bd3 87. Bc8 Kd6 88. Bf5 Bxf5 89. Kxf5 Ke7 90. Kg6 Kf8 91. Kh7 Kf7 92. h6 Kf8
93. Kh8 Kf7 94. h7 Kf8 1/2-1/2

[Event "Titled Tue 24th Jun Late"]
[Site "chess.com INT"]
[Date "2025.06.24"]
[Round "2"]
[White "Volodin, Alexandr E."]
[Black "Gallo Garcia, Kemel Antonio"]
[Result "0-1"]
[WhiteTitle "FM"]
[BlackTitle "FM"]
[WhiteElo "2344"]
[BlackElo "2362"]
[WhiteFideId "34268871"]
[BlackFideId "3523896"]
[EventDate "2025.06.24"]

1. d4 Nf6 2. Nc3 d5 3. Bf4 g6 4. e3 Bg7 5. Nf3 O-O 6. Bd3 c5 7. O-O cxd4 8. exd4
Nc6 9. h3 Nh5 10. Be3 e5 11. dxe5 d4 12. Bg5 Qa5 13. Nb5 Nxe5 14. Nbxd4 Nxf3+
15. Nxf3 Bxb2 16. Rb1 Bg7 17. a4 Be6 18. Rxb7 Qxa4 19. Rb1 Rfc8 20. Qd2 a5 21.
Bh6 Bc3 22. Qe3 Ba2 23. Ra1 Re8 24. Qc5 Qb4 25. Qc6 Rac8 26. Qa6 Bxa1 27. Rxa1
Bd5 28. Qxa5 Qxa5 29. Rxa5 Bxf3 30. gxf3 Red8 31. Be3 Ng7 32. Kg2 Ne6 33. f4 Nd4
34. Ra7 Nxc2 35. Bxc2 Rxc2 36. f5 gxf5 37. Ra5 f4 38. Bxf4 Rc6 39. Be3 Rg6+ 40.
Kf3 h6 41. Rh5 Kh7 42. Rf5 Rd7 43. Ra5 Rdd6 44. Ra8 Rdf6+ 45. Ke2 Re6 46. Kf3
Rgf6+ 47. Kg2 Rf5 48. Kg3 Rg6+ 49. Kh2 Rf3 50. Bd4 f6 51. Ra7+ Rg7 52. Ra6 Kg6
53. Be3 Rf5 54. Ra4 h5 55. Ra8 Rd7 56. Ra4 Kf7 57. Re4 Re7 58. Rb4 Re6 59. Kg2
Re7 60. Rb6 Re8 61. Rb3 Ke6 62. Rb6+ Kd5 63. Rb4 Re4 64. Rb5+ Ke6 65. Rb6+ Kf7
66. Rb7+ Kg6 67. Rb8 h4 68. Rg8+ Kf7 69. Ra8 Rd5 70. Ra7+ Kg6 71. Ra8 f5 72. Rf8
Rb5 73. Rg8+ Kf7 74. Rg5 Kf6 75. Rh5 Rbb4 0-1

[Event "Titled Tue 24th Jun Late"]
[Site "chess.com INT"]
[Date "2025.06.24"]
[Round "2"]
[White "Al-Tarboush, Ward"]
[Black "Cieslak, Patryk"]
[Result "1/2-1/2"]
[WhiteTitle "FM"]
[BlackTitle "FM"]
[WhiteElo "2223"]
[BlackElo "2442"]
[WhiteFideId "7601450"]
[BlackFideId "21078882"]
[EventDate "2025.06.24"]

1. e4 c6 2. Nf3 d5 3. Nc3 Bg4 4. h3 Bxf3 5. Qxf3 e6 6. Be2 Bc5 7. O-O Nd7 8. Rd1
d4 9. Nb1 Ne5 10. Qg3 d3 11. cxd3 Bd4 12. Na3 Ne7 13. Nc2 N7g6 14. Nxd4 Qxd4 15.
Qe3 Rd8 16. Qxd4 Rxd4 17. b3 Nf4 18. Bf1 Nfxd3 19. Ba3 g5 20. f3 f6 21. Rab1 Kf7
22. Bb2 Nxb2 23. Rxb2 Rhd8 24. Kf2 h5 25. Ke3 f5 26. Rc2 f4+ 27. Ke2 g4 28. hxg4
hxg4 29. Rc5 Kf6 30. Rc3 Rd3 31. Rxd3 Nxd3 32. fxg4 Rd4 33. Kf3 Nc5 34. e5+ Kxe5
35. d3 Kf6 36. Re1 Nd7 37. g5+ Kxg5 38. Rxe6 Kf5 39. Re7 Ne5+ 40. Ke2 Rd7 41.
Rxd7 Nxd7 42. g3 Nc5 43. Bh3+ Ke5 44. gxf4+ Kxf4 45. Bc8 Ke5 46. Ke3 Kd5 47. d4
Ne6 48. Bxb7 Nxd4 49. Kd3 Ne6 50. Bc8 Nc5+ 51. Kc3 Ne4+ 52. Kb4 Kd6 53. Ka5 Kc7
54. Bf5 Nd6 55. Bd3 Nb7+ 56. Kb4 Kb6 57. Kc4 Nd6+ 58. Kd4 Ne8 59. Ke5 Nc7 60.
Kd6 Nd5 61. Be4 Nc3 62. Bxc6 Nxa2 63. Bd5 Nb4 64. Bc4 a5 65. Ke5 Kc5 66. Ke4 Na2
67. Kd3 Kb4 68. Kc2 Nc3 69. Kb2 Ne4 70. Bg8 Nc5 71. Ka2 Nb7 72. Kb2 Nd6 73. Ka2
Nb5 74. Kb2 Nc7 75. Kc2 Ne8 76. Kd3 Nf6 77. Bf7 Nd7 78. Kd4 Nc5 79. Ke3 Kc3 80.
Ke2 Nxb3 81. Kd1 Kb2 82. Bxb3 Kxb3 83. Kc1 Ka2 84. Kc2 a4 85. Kc1 a3 86. Kc2 Ka1
87. Kc1 Ka2 88. Kc2 Ka1 89. Kc1 1/2-1/2

[Event "Titled Tue 24th Jun Late"]
[Site "chess.com INT"]
[Date "2025.06.24"]
[Round "2"]
[White "Saya, Ethan"]
[Black "Kukhmazov, Arsen"]
[Result "0-1"]
[WhiteTitle "FM"]
[BlackTitle "IM"]
[WhiteElo "2262"]
[BlackElo "2442"]
[WhiteFideId "26095181"]
[BlackFideId "24108260"]
[EventDate "2025.06.24"]

1. e4 c6 2. d4 d5 3. Nd2 dxe4 4. Nxe4 Nf6 5. Nxf6+ exf6 6. c3 Bd6 7. Bd3 Na6 8.
Qe2+ Kf8 9. Qc2 h5 10. Ne2 Nc7 11. O-O Nd5 12. Bd2 g6 13. a3 Kg7 14. c4 Ne7 15.
Bc3 h4 16. h3 Bf5 17. Rae1 Bc7 18. Bxf5 Nxf5 19. c5 Qd5 20. Qd3 Rad8 21. Qf3
Qxf3 22. gxf3 Rhe8 23. Kg2 Re6 24. f4 Rde8 25. Kf3 Re4 26. Ng3 Nxd4+ 27. Bxd4
Rxe1 28. Rxe1 Rxe1 29. Ne4 Bd8 30. Nd6 Rh1 31. Kg2 Rd1 32. Bc3 b6 33. Ne8+ Kf8
34. Nxf6 Bxf6 35. Bxf6 bxc5 36. Bxh4 f5 37. Bf6 Kf7 38. Bc3 Rd3 39. h4 c4 40. f3
Kg8 41. Kg3 Kh7 42. Bf6 Kh6 43. Be5 Kh5 44. Bc3 a6 45. Bf6 Rd1 46. Be7 Rg1+ 47.
Kf2 Rd1 48. Kg3 a5 49. Bf6 a4 50. Bc3 Rg1+ 51. Kf2 Rh1 52. Bf6 c3 53. Bxc3 Kxh4
54. Kg2 Rd1 55. Bf6+ Kh5 56. Bc3 g5 57. Kg3 Rg1+ 58. Kf2 Rc1 59. Kg3 Rc2 60.
fxg5 Kxg5 61. f4+ Kg6 62. Kf3 Kf7 63. Ke3 Ke6 64. Kd3 Rf2 65. Be5 Kd5 66. Kc3 c5
67. Kd3 Rf3+ 68. Kc2 Kc4 69. Kd2 Rf2+ 70. Kc1 Rh2 71. Kd1 Rg2 72. Kc1 Kd3 73.
Kb1 c4 74. Ka2 Kc2 75. Ka1 Kc1 76. Ka2 Rf2 77. Ka1 Re2 78. Ka2 Kc2 79. Ka1 Rg2
80. Ka2 Rf2 81. Ka1 Kc1 82. Ka2 c3 83. Bxc3 Rxf4 84. b3 Rf2+ 85. Ka1 axb3 0-1

[Event "Titled Tue 24th Jun Late"]
[Site "chess.com INT"]
[Date "2025.06.24"]
[Round "2"]
[White "Ryabukhin, Roman"]
[Black "Parkhov, Yair"]
[Result "0-1"]
[WhiteTitle "CM"]
[BlackTitle "GM"]
[WhiteElo "2236"]
[BlackElo "2514"]
[WhiteFideId "24257893"]
[BlackFideId "2813408"]
[EventDate "2025.06.24"]

1. d4 Nf6 2. Nc3 d6 3. e4 g6 4. Nf3 Bg7 5. Be2 O-O 6. O-O Nc6 7. d5 Ne5 8. Nd4
c5 9. Nb3 a6 10. a4 b6 11. f4 Ned7 12. Kh1 Rb8 13. Be3 Ne8 14. Qd2 Nc7 15. f5
Ne5 16. Bh6 f6 17. Bxg7 Kxg7 18. g4 g5 19. Nd1 Bd7 20. Ne3 Rh8 21. a5 b5 22. c3
Be8 23. Qd1 Bf7 24. Rg1 Qg8 25. Nf1 b4 26. c4 Kf8 27. Nbd2 Ke8 28. Ng3 Qg7 29.
Qa4+ Kd8 30. Ndf1 Qh6 31. Ne3 Ne8 32. Nh5 Ng7 33. Qd1 Nxh5 34. gxh5 Kc7 35. Ng4
Qf8 36. Nxe5 dxe5 37. Qe1 Kd6 38. Qf2 Rg8 39. Bg4 Qd8 40. Qc2 Qc7 41. Qa4 Rg7
42. Rgd1 Rbg8 43. h3 Rh8 44. Qb3 Rgg8 45. Qe3 Rb8 46. b3 Qd7 47. Qf2 Qe8 48. Qe3
Bxh5 49. Qg3 Bxg4 50. Qxg4 h5 51. Qg3 h4 52. Qg4 Qf7 53. Rg1 Rbg8 54. Kg2 Qe8
55. Kf3 Qd7 56. Ke2 Rb8 57. Kf3 Qc7 58. Ke2 Rb7 59. Kf3 Rhb8 60. Ke2 Qc8 61. Kf3
Rd7 62. Kf2 Kc7 63. Kg2 Kb7 64. Kh2 Ka7 65. Qf3 Ka8 66. Rg4 Rd6 67. Qf2 Rb7 68.
Qg1 Rc7 69. Ra2 Qd8 70. Ra4 Rc8 71. Ra2 Qe8 72. Ra1 Rd7 73. Ra2 Rb7 74. Ra1 Kb8
75. Ra2 Kc7 76. Qxc5+ Kb8 77. Qg1 Qd8 78. Ra4 Qd6 79. Rg2 Rc5 80. Rg4 Qc7 81.
Rg2 Rxa5 82. Rxa5 Qxa5 83. c5 Rb5 84. c6 Rc5 85. Re2 Rc3 86. Qf2 Qb5 87. Ra2 a5
88. Qg2 Qd3 89. Kg1 Qe3+ 90. Qf2 Rc1+ 91. Kg2 Qxe4+ 92. Qf3 Rc2+ 93. Rxc2 Qxc2+
94. Kg1 a4 95. Qe3 Qd1+ 96. Kh2 Qd4 97. Qe2 Qb6 0-1

[Event "Titled Tue 24th Jun Late"]
[Site "chess.com INT"]
[Date "2025.06.24"]
[Round "3"]
[White "Araujo Filho, Luiz Antonio Coel"]
[Black "Terkiewicz, Bruno"]
[Result "1-0"]
[BlackTitle "CM"]
[WhiteElo "2077"]
[BlackElo "2183"]
[WhiteFideId "2130661"]
[BlackFideId "21093245"]
[EventDate "2025.06.24"]

1. d4 Nf6 2. Nf3 e6 3. e3 c5 4. Bd3 d5 5. c3 Nc6 6. Nbd2 Bd6 7. Qe2 O-O 8. dxc5
Bxc5 9. e4 dxe4 10. Nxe4 Nxe4 11. Bxe4 f5 12. Bc2 e5 13. Qc4+ Kh8 14. Qxc5 e4
15. Nd4 Nxd4 16. Qxd4 Qe7 17. O-O 1-0

[Event "Titled Tue 24th Jun Late"]
[Site "chess.com INT"]
[Date "2025.06.24"]
[Round "3"]
[White "Fandi, Mazen"]
[Black "Sanal, Vahap"]
[Result "1-0"]
[WhiteTitle "FM"]
[BlackTitle "GM"]
[WhiteElo "2302"]
[BlackElo "2564"]
[WhiteFideId "7611625"]
[BlackFideId "6300545"]
[EventDate "2025.06.24"]

1. e4 e5 2. Nf3 Nc6 3. Bb5 a6 4. Ba4 Nf6 5. O-O Be7 6. d3 b5 7. Bb3 d6 8. a4 Bd7
9. axb5 axb5 10. Rxa8 Qxa8 11. c3 O-O 12. Be3 Kh8 13. Na3 Ng4 14. Bd5 Nd8 15.
Bxa8 1-0